Представление документа в формате MARC21

Поле Инд. ПП Название Значение
Тип записи a
Библиографический уровень m
001 Контрольный номер 81da917926124516a9fa3249947b3398
005 Дата корректировки 20250629152526.1
084 a Индекс другой классификации/Индекс ББК 75
091 i Возрастная адресация (DOS) 12+
097 b Оператор Чирова
245 10 a Заглавие Физкультура и спорт
n Номер части/ раздела 1
260 c Дата издания 2025
900 a Имя макрообъекта E0041D1001312661
901 t Тип документа s